000 00693nam a22001697a 4500
003 OSt
005 20171010095445.0
008 120614t xxu||||| |||| 00| 0 eng d
040 _aMMSU
_cULS
100 _aNiño, Madilyn G.
_910341
245 _aParametric and kinetic studies on the adsorption of basic methylene blue (BMB) dye from a simulated textile mill effluents using narra (Pterocarpus indicus) wood sawdust as an adsorbent
_cMadilyn G. Niño
260 _c2006
300 _axi, 71 leaves
_c28 cm.
500 _aThesis (BS Chemical Engineering) -- Mariano Marcos State University-College of Engineering, Batac City
504 _aBibliography: leaves 44-45
942 _2ddc
_cTHEDIS
999 _c9564
_d9564